00313nam a2200121Ia 4500008004100000041000800041082001600049100001800065245004500083260003800128300001300166365001200179240624s9999 xx 000 0 und d aeng a658.421 NIC aNICHOLLS ALEX aSOCIAL ENTREPRENEURSHIP NEW MODELS OF SU c2008aUKbOxford University Press a504 : p. cBPSb29